| 000 | 00435nam a22001452 4500 | ||
|---|---|---|---|
| 082 |
_a669.3 _bCDA _cL-17 , P-10 |
||
| 110 | 2 |
_aCooper Development Association, London. [from old catalog] _945357 |
|
| 245 | 0 | 0 | _aClassification of copper and copper alloys. |
| 250 | _aRev. | ||
| 260 |
_aLondon, _c1944. |
||
| 300 | _a23 p. | ||
| 526 |
_a0 _b0 _c0 _d669_300000000000000_CDA |
||
| 526 |
_a0 _b0 _c0 _d669_300000000000000_CDA |
||
| 942 |
_2ddc _cBK |
||
| 999 |
_c548903 _d548903 |
||